000
00168nam a22000857a 4500
999
_c
65411
_d
65408
082
_a
297.122ABD
100
_a
ماجدی
245
_a
القرآن تفسیر
942
_c
BK